| 000 | 00471nam a22001937a 4500 | ||
|---|---|---|---|
| 003 | MPLRDC | ||
| 005 | 20220104113509.0 | ||
| 008 | 210129b ||||| |||| 00| 0 eng d | ||
| 020 | _a957-32-1018-5 | ||
| 082 | _a610.23 BY v.60 | ||
| 100 | _a柏杨 | ||
| 245 |
_a大中之治 _c |
||
| 250 | _a二版 | ||
| 260 |
_a _b远流出版公司 _c1991 |
||
| 300 | _b平 | ||
| 490 | _a柏杨版资治通鉴. 60 | ||
| 650 | _a中国通史--资治通鉴 | ||
| 942 |
_cBK _o610.23 BY v.60 |
||
| 999 |
_c99 _d89 |
||